Statystyki dla Miasta pomorza 1

Kliknij tutaj aby rozwiązać quiz!

Ogólne statystyki

  • Ten quiz został rozwiązany 171 razy
  • Średni wynik to 16 z 42

Statystyki odpowiedzi

Liczba ludnościMiasto% Poprawnych
468.158Gdańsk
99%
246.244Gdynia
97%
35.827Sopot
93%
3.267Hel
71%
90.769Słupsk
69%
49.652Wejherowo
64%
60.120Tczew
60%
9.930Władysławowo
59%
47.775Starogard Gdański
58%
38.465Malbork
57%
26.011Reda
55%
49.160Rumia
54%
3.644Łeba
53%
39.890Chojnice
50%
35.333Lębork
50%
11.213Puck
47%
23.776Kościerzyna
46%
31.135Pruszcz Gdański
45%
15.460Ustka
45%
14.536Kartuzy
43%
16.918Bytów
42%
2.704Jastarnia
42%
38.444Kwidzyn
42%
9.905Nowy Dwór Gdański
30%
13.649Człuchów
28%
6.707Gniew
26%
1.303Krynica Morska
26%
9.940Sztum
22%
10.439Miastko
20%
7.784Pelplin
20%
6.691Żukowo
18%
9.910Czersk
15%
3.625Skórcz
13%
2.786Czarna Woda
12%
8.695Prabuty
12%
6.994Skarszewy
12%
5.364Dzierzgoń
10%
5.932Czarne
9%
4.248Nowy Staw
9%
5.188Brusy
8%
3.580Kępice
8%
5.096Debrzno
7%

Rozkład punktacji

Percentyl według liczby udzielonych odpowiedzi

Procent ludzi z każdym wynikiem

Twoja historia wyników

Nie rozwiązałeś tego quizu